| 000 | 00658nam a2200169 4500 | ||
|---|---|---|---|
| 999 |
_c12565 _d12565 |
||
| 008 | 240221b ||||| |||| 00| 0 eng d | ||
| 040 | _aBMS College of Architecture | ||
| 100 | _aElia Thomas Ramapuram | ||
| 245 | _aNexus: Role of Innovative Space Planning to bridge Cultures in meeting spaces International Exhibition and Convention Centre: Kochi | ||
| 300 | _a43p. | ||
| 500 | _a1CF19AT032 | ||
| 502 |
_8B,Arch _NBMS College of Architecture, Visvesvaraya Technological University (VTU) _aProject report _d2023 |
||
| 650 | _a Innovative Space Planning | ||
| 700 |
_aKetki Bharat Tendolkar _eGuide |
||
| 710 |
_aAr. Ramaraju G _aGuide |
||
| 942 |
_2ddc _cTHE |
||